Jean et les traditions juives anciennes sur l’Exode : dépendances et oppositions (notice n° 1620721)

détails MARC
000 -LEADER
fixed length control field 01572cam a2200169 4500500
005 - DATE AND TIME OF LATEST TRANSACTION
control field 20260111091235.0
041 ## - LANGUAGE CODE
Language code of text/sound track or separate title fre
042 ## - AUTHENTICATION CODE
Authentication code dc
100 10 - MAIN ENTRY--PERSONAL NAME
Personal name Remaud, Michel
Relator term author
245 00 - TITLE STATEMENT
Title Jean et les traditions juives anciennes sur l’Exode : dépendances et oppositions
260 ## - PUBLICATION, DISTRIBUTION, ETC.
Date of publication, distribution, etc. 2005.<br/>
500 ## - GENERAL NOTE
General note 91
520 ## - SUMMARY, ETC.
Summary, etc. Un midrash sur la scène du buisson ardent peut éclairer doublement certains passages des écrits johanniques. Il apporte une confirmation à l’idée classique d’une corrélation entre l’épisode des noces de Cana et la crucifixion de Jésus. Il autorise aussi l’hypothèse que certains thèmes ou expressions des textes johanniques (la comparaison de Jésus au serpent, la désignation de Jésus par l’expression « celui-là ») pourraient être un écho de la polémique entre la première génération chrétienne et la Synagogue.
520 ## - SUMMARY, ETC.
Summary, etc. A midrash concerning the burning bush throws light on some passages of the fourth gospel. It confirms the idea of a correlation between the wedding in Cana and Jesus’ crucifixion ; it also comforts the hypothesis that in several themas and expressions found in that gospel (the comparison between Jesus and the snake, the use of the pronoun that one in reference to Jesus), we find an echo of the polemics between the first Christian generation and the Synagogue.
786 0# - DATA SOURCE ENTRY
Note Nouvelle revue théologique | 127 | 4 | 2005-12-15 | p. 557-570 | 0029-4845
856 41 - ELECTRONIC LOCATION AND ACCESS
Uniform Resource Identifier <a href="https://shs.cairn.info/revue-nouvelle-revue-theologique-2005-4-page-557?lang=fr&redirect-ssocas=7080">https://shs.cairn.info/revue-nouvelle-revue-theologique-2005-4-page-557?lang=fr&redirect-ssocas=7080</a>

Pas d'exemplaire disponible.

PLUDOC

PLUDOC est la plateforme unique et centralisée de gestion des bibliothèques physiques et numériques de Guinée administré par le CEDUST. Elle est la plus grande base de données de ressources documentaires pour les Étudiants, Enseignants chercheurs et Chercheurs de Guinée.

Adresse

627 919 101/664 919 101

25 boulevard du commerce
Kaloum, Conakry, Guinée

Réseaux sociaux

Powered by Netsen Group @ 2025